| 000 | 00434nam a2200157 4500 | ||
|---|---|---|---|
| 999 |
_c513259 _d513259 |
||
| 008 | 200205b ||||| |||| 00| 0 eng d | ||
| 100 |
_aGautam, Harender Raj _915830 |
||
| 245 | _aWater and sanitation for healthy India | ||
| 260 | _bKurukshetra | ||
| 300 | _a68(3), Jan, 2020: p.47-50. | ||
| 650 |
_aSanitation _915831 |
||
| 650 |
_aDrinking water _915832 |
||
| 773 | _aKurukshetra | ||
| 906 | _aWater supply | ||
| 942 |
_2ddc _cAR |
||